Whitney Houston: Complete Discography - Statistics

General Stats
  • This quiz has been taken 78 times
    25 since last reset
  • The average score is 39 of 108
Answer Stats
Album Song % Correct
Whitney Houston Saving All My Love For You
93%
Whitney Houston How Will I Know
87%
I'm Your Baby Tonight I'm Your Baby Tonight
87%
I'm Your Baby Tonight All The Man That I Need
80%
Whitney Houston Greatest Love Of All
80%
Whitney I Wanna Dance With Somebody (Who Loves Me)
80%
The Bodyguard I Will Always Love You
80%
Whitney So Emotional
80%
Whitney Where Do Broken Hearts Go?
80%
I Look To You I Look To You
73%
Just Whitney My Love
73%
My Love Is Your Love My Love Is Your Love
73%
I'm Your Baby Tonight My Name Is Not Susan
73%
Waiting To Exhale Exhale (Shoop Shoop)
67%
The Bodyguard I Have Nothing
67%
My Love Is Your Love It's Not Right But It's Okay
67%
Whitney: The Greatest Hits One Moment In Time
67%
The Bodyguard Run To You
67%
Whitney Houston You Give Good Love
67%
Whitney Houston All At Once
60%
Whitney Didn't We Almost Have It All
60%
My Love Is Your Love Heartbreak Hotel
60%
Whitney I Know Him So Well
60%
The Bodyguard I'm Every Woman
60%
Whitney Love Will Save The Day
60%
I Look To You Million Dollar Bill
60%
The Bodyguard Queen Of The Night
60%
My Love Is Your Love When You Believe
60%
Whitney For The Love Of You
53%
I Look To You I Didn't Know My Own Strength
53%
Waiting To Exhale Count On Me
47%
Whitney Houston Hold Me
47%
The Preacher's Wife I Believe In You And Me
47%
My Love Is Your Love If I Told You That
47%
Whitney Just The Lonely Talking Again
47%
Whitney Love Is A Contact Sport
47%
I'm Your Baby Tonight Miracle
47%
Whitney Houston Nobody Loves Me Like You Do
47%
Just Whitney One Of Those Days
47%
Whitney Houston Someone For Me
47%
Whitney Houston Take Good Care Of My Heart
47%
Whitney Houston Thinking About You
47%
Waiting To Exhale Why Does It Hurt So Bad
47%
Whitney You're Still My Man
47%
I'm Your Baby Tonight I Belong To You
40%
My Love Is Your Love I Learned From The Best
40%
The Bodyguard Jesus Loves Me
40%
The Preacher's Wife Joy
40%
I'm Your Baby Tonight We Didn't Know
40%
I'm Your Baby Tonight After We Make Love
33%
I'm Your Baby Tonight Anymore
33%
Whitney: The Greatest Hits Could I Have This Kiss Forever
33%
I'm Your Baby Tonight (Bonus) Higher Love
33%
The Preacher's Wife Joy To The World
33%
I'm Your Baby Tonight Lover For Life
33%
Whitney: The Greatest Hits Same Script, Different Cast
33%
The Preacher's Wife Step By Step
33%
My Love Is Your Love Until You Come Back
33%
Just Whitney Whatchulookinat
33%
Whitney Where You Are
33%
I'm Your Baby Tonight Who Do You Love
33%
Whitney: The Greatest Hits Fine
27%
The Preacher's Wife I Go To The Rock
27%
I'm Your Baby Tonight I'm Knockin'
27%
My Love Is Your Love In My Business
27%
Just Whitney Try It On My Own
27%
The Preacher's Wife Who Would Imagine A King
27%
I Look To You A Song For You
20%
I Look To You Call You Tonight
20%
Just Whitney Dear John Letter
20%
The Preacher's Wife Hold On, Help Is On The Way
20%
My Love Is Your Love I Bow Out
20%
Duets / Collaborations If You Say My Eyes Are Beautiful
20%
Duets / Collaborations It Isn't, It Wasn't, It Ain't Never Gonna Be
20%
My Love Is Your Love (Bonus) I Was Made To Love Him
20%
My Love Is Your Love Oh Yes
20%
I'm Your Baby Tonight (Bonus) Takin' A Chance
20%
My Love Is Your Love You'll Never Stand Alone
20%
The Preacher's Wife You Were Loved
20%
I Look To You For The Lovers
13%
My Love Is Your Love Get It Back
13%
I Look To You I Got You
13%
I Look To You Like I Never Left
13%
Just Whitney Love That Man
13%
Whitney (Bonus) Moment Of Truth
13%
I Look To You Nothin' But Love
13%
I Look To You Salute
13%
Duets / Collaborations Something In Common
13%
Just Whitney Tell Me No
13%
Just Whitney Things You Say
13%
Just Whitney Unashamed
13%
I Look To You Worth It
13%
Just Whitney You Light Up My Life
13%
I'm Your Baby Tonight (Bonus) Dancin' On The Smooth Edge
7%
The Preacher's Wife He's All Over Me
7%
Duets / Collaborations Love Will Find A Way
7%
Soundtracks Celebrate
0%
Features Eternal Love
0%
Soundtracks Family First
0%
I'm Your Baby Tonight (Bonus) Feels So Good
0%
Soundtracks His Eye Is On The Sparrow
0%
The Preacher's Wife I Love To The Lord
0%
Features Memories
0%
The Preacher's Wife My Heard Is Calling
0%
I Will Always Love You: The Best of Whitney Houston Never Give Up
0%
Features Nobody Does It Better
0%
Soundtracks Shock Me
0%
The Preacher's Wife Somebody Is Bigger Than You And I
0%
No matching quizzes found
Score Distribution
Percent of People with Each Score
Percentile by Number Answered
Your Score History
You have not taken this quiz since the last reset